[Event "Paris FIDE GP"]
[Site "Elancourt"]
[Date "2013.10.04"]
[Round "11"]
[White "Gelfand, Boris"]
[Black "Ponomariov, Ruslan"]
[Result "1/2-1/2"]
[WhiteElo "2764"]
[BlackElo "2756"]
[Annotator "Meulders,R"]
[PlyCount "48"]
[EventDate "2013.09.22"]
[EventType "tourn"]
[EventRounds "11"]
[EventCountry "FRA"]
[EventCategory "20"]
[SourceTitle "CBM 157"]
[Source "ChessBase"]
[SourceDate "2013.11.12"]
[SourceVersion "1"]
[SourceVersionDate "2013.11.12"]
[SourceQuality "1"]

1. d4 f5 2. g3 Nf6 3. Bg2 g6 4. Nf3 Bg7 5. O-O O-O 6. c4 d6 7. Nc3 c6 8. b3 Na6
9. Bb2 Qc7 10. d5 e5 11. dxe6 Bxe6 12. Ng5 Bd7 13. Qd2 Rad8 14. Rad1 ({Die
üblichen Plätze für die weißen Türme sind auf d1 und c1, also z.B.} 14. Rfd1
Bc8 15. Rac1 Nc5 (15... Qe7 16. Ba3 Nc5 17. b4 Nce4 18. Ncxe4 fxe4 19. b5 Rfe8
20. bxc6 (20. Bxd6 $2 e3 21. fxe3 Rxd6 22. Qxd6 Qxe3+ 23. Kh1 Qxg5 $17) 20...
bxc6 21. f4 $13) 16. b4 h6 17. Nf3 (17. bxc5 dxc5 18. Qe3 hxg5 19. Qxc5 Qf7 (
19... Be6 20. Nd5 Qf7 21. Nxf6+ Bxf6 22. Bxf6 Qxf6 23. Qxa7 $14) 20. Qxa7 Rxd1+
(20... Qxc4 $2 21. Nd5 $16) 21. Nxd1 Re8 $44) 17... Nce4 18. Nxe4 Nxe4 19. Qc2
Qb6 20. Bd4 Qxb4 21. Nh4 Bxd4 22. Rxd4 Qc5 23. Rcd1 g5 24. Bxe4 fxe4 25. Qxe4
Rf6 26. Ng2 Rdf8 27. Ne3 Rxf2 28. Qg6+ Kh8 29. Qxh6+ Kg8 30. Qg6+ Kh8 31. Qh6+
(31. Rxd6 $4 Rf1+ $1 32. Rxf1 Qxe3+ 33. Kg2 Qxe2+ $19)) 14... Bc8 15. Rfe1 Nc5
16. Qc2 a5 17. Nf3 Rfe8 18. Nd4 Qf7 19. Bc1 h6 20. Bb2 Kh7 21. e3 Nfe4 22. Rf1
(22. f3 Nxc3 23. Bxc3 Qc7 24. Qd2 b6 25. Qc2 Bb7 26. a3 {und Weiß hat einen
gewissen Druck.}) 22... Nf6 23. Rfe1 Nfe4 24. Rf1 Nf6 {Es genügte Gelfand ein
halber Punkt zum geteilten Turniersieg mit Caruana, also wozu sich anstrengen?}
1/2-1/2

[Event "Beijing Sportaccord Basque"]
[Site "Beijing"]
[Date "2013.12.18"]
[Round "4.1"]
[White "Ponomariov, Ruslan"]
[Black "Aronian, Levon"]
[Result "1/2-1/2"]
[WhiteElo "2731"]
[BlackElo "2803"]
[PlyCount "129"]
[EventDate "2013.12.17"]
[EventType "swiss (rapid)"]
[EventRounds "5"]
[EventCountry "CHN"]
[SourceTitle "CBM 158"]
[Source "ChessBase"]
[SourceDate "2014.01.16"]
[SourceVersion "1"]
[SourceVersionDate "2014.01.16"]
[SourceQuality "1"]

1. e4 e5 2. Nf3 Nc6 3. Bb5 Nf6 4. O-O Nxe4 5. d4 Nd6 6. Bxc6 dxc6 7. dxe5 Nf5
8. Qxd8+ Kxd8 9. Rd1+ Ke8 10. Bf4 h6 11. h3 Bc5 12. Nc3 Be6 13. Ne4 Bb6 14. b3
Bd5 15. Re1 Rd8 16. Rad1 Ke7 17. Kf1 Ke6 18. c3 Ne7 19. Ned2 Ng6 20. Bh2 c5 21.
h4 Bc6 22. Ke2 Bb5+ 23. c4 Bc6 24. h5 Ne7 25. g4 g6 26. hxg6 Nxg6 27. Bg3 Ba5
28. Rg1 Bxd2 29. Nxd2 Nxe5 30. Bf4 h5 31. gxh5 Rxh5 32. Be3 b6 33. Rg3 a5 34.
Rdg1 a4 35. Bf4 Rf5 36. Bxe5 Rxe5+ 37. Re3 Rh8 38. Rgg3 Rh1 39. Rxe5+ Kxe5 40.
Re3+ Kf6 41. bxa4 Bxa4 42. Ne4+ Kg7 43. Nc3 Bd7 44. Re7 Be6 45. Rxc7 Bxc4+ 46.
Kd2 Rh2 47. Ke3 Rh3+ 48. f3 Rh6 49. a4 Re6+ 50. Kf4 Kg6 51. a5 Rf6+ 52. Ke3
Re6+ 53. Kf4 Rf6+ 54. Ke3 Rd6 55. axb6 Rd3+ 56. Kf4 Rxc3 57. Rxc5 Rb3 58. Rxc4
Rxb6 59. Rc5 Rf6+ 60. Kg4 Rd6 61. f4 Rd4 62. Rg5+ Kf6 63. Rf5+ Ke6 64. Re5+ Kf6
65. Rf5+ 1/2-1/2

[Event "Danzhou 5th"]
[Site "Danzhou"]
[Date "2014.06.25"]
[Round "1"]
[White "Ponomariov, Ruslan"]
[Black "Zhou, Weiqi"]
[Result "1/2-1/2"]
[WhiteElo "2723"]
[BlackElo "2601"]
[PlyCount "77"]
[EventDate "2014.06.25"]
[EventType "tourn"]
[EventRounds "9"]
[EventCountry "CHN"]
[EventCategory "16"]
[SourceTitle "CBM 161"]
[Source "ChessBase"]
[SourceDate "2014.07.16"]
[SourceVersion "1"]
[SourceVersionDate "2014.07.16"]
[SourceQuality "1"]

1. d4 Nf6 2. c4 e6 3. Nc3 Bb4 4. e3 O-O 5. Nge2 Re8 6. a3 Bf8 7. Ng3 d5 8. Be2
dxc4 9. O-O Nbd7 10. Bxc4 c5 11. dxc5 Bxc5 12. b4 Be7 13. Qb3 a5 14. Bb2 axb4
15. axb4 Rxa1 16. Rxa1 Nb6 17. Rd1 Qc7 18. Be2 Bd7 19. Nb5 Bxb5 20. Bxb5 Rd8
21. Rc1 Qd6 22. Be2 Qxb4 23. Qxb4 Bxb4 24. Bxf6 gxf6 25. Rb1 Nd5 26. Bf3 Bc3
27. Rxb7 f5 28. e4 fxe4 29. Nxe4 Bf6 30. Nxf6+ Nxf6 31. g3 Rd7 32. Rxd7 Nxd7
33. Be2 Kg7 34. Kg2 h6 35. Kf3 Ne5+ 36. Ke4 Nd7 37. Kf3 Ne5+ 38. Ke4 Nd7 39.
Kf3 1/2-1/2

[Event "Danzhou 5th"]
[Site "Danzhou"]
[Date "2014.07.04"]
[Round "9"]
[White "Ponomariov, Ruslan"]
[Black "Zhao, Jun"]
[Result "1/2-1/2"]
[WhiteElo "2723"]
[BlackElo "2603"]
[PlyCount "109"]
[EventDate "2014.06.25"]
[EventType "tourn"]
[EventRounds "9"]
[EventCountry "CHN"]
[EventCategory "16"]
[SourceTitle "CBM 161"]
[Source "ChessBase"]
[SourceDate "2014.07.16"]
[SourceVersion "1"]
[SourceVersionDate "2014.07.16"]
[SourceQuality "1"]

1. d4 Nf6 2. c4 e6 3. Nf3 b6 4. e3 Bb4+ 5. Nbd2 Bb7 6. a3 Be7 7. Bd3 d5 8. b3
O-O 9. Bb2 Nbd7 10. O-O c5 11. Rc1 Rc8 12. Qe2 cxd4 13. exd4 Re8 14. Rfd1 Bf8
15. Nf1 dxc4 16. bxc4 Qc7 17. Ne3 g6 18. Bb1 Nh5 19. g3 Nhf6 20. Ba2 Ba8 21. d5
e5 22. Bb1 Bd6 23. h3 Bb7 24. Ng4 Ba6 25. Nd2 Nxg4 26. hxg4 Nc5 27. Kg2 Qd7 28.
Bc3 Bf8 29. Qf3 Bg7 30. Bb4 e4 31. Bxe4 Nxe4 32. Nxe4 Rxc4 33. Rxc4 Bxc4 34. g5
Re5 35. d6 Ba6 36. Qe3 Rxe4 37. Qxe4 Bb7 38. Rd5 f5 39. gxf6 Bxf6 40. f3 Qf7
41. d7 Bxd5 42. Qe8+ Kg7 43. Bc3 Bxf3+ 44. Kxf3 Qd5+ 45. Kf2 Qf5+ 46. Ke2 Qc2+
47. Bd2 Qc4+ 48. Kf2 Qd3 49. Bf4 g5 50. Be5 Qd2+ 51. Kf1 Qd1+ 52. Kf2 Qd2+ 53.
Kf1 Qd1+ 54. Kf2 Qd2+ 55. Kf1 1/2-1/2

[Event "Dortmund SuperGM 42nd"]
[Site "Dortmund"]
[Date "2014.07.12"]
[Round "1"]
[White "Leko, Peter"]
[Black "Ponomariov, Ruslan"]
[Result "1/2-1/2"]
[WhiteElo "2737"]
[BlackElo "2723"]
[PlyCount "86"]
[EventDate "2014.07.12"]
[EventType "tourn"]
[EventRounds "7"]
[EventCountry "GER"]
[EventCategory "19"]
[SourceTitle "CBM 162"]
[Source "ChessBase"]
[SourceDate "2014.09.17"]
[SourceVersion "1"]
[SourceVersionDate "2014.09.17"]
[SourceQuality "1"]

1. d4 f5 2. g3 Nf6 3. Bg2 g6 4. Nf3 Bg7 5. O-O O-O 6. c4 d6 7. Nc3 c6 8. b4 e5
9. dxe5 dxe5 10. e4 Qxd1 11. Rxd1 f4 12. Bb2 fxg3 13. hxg3 Bg4 14. Re1 Nbd7 15.
Nd2 a5 16. a3 Rfd8 17. Ncb1 b6 18. Nf3 Bxf3 19. Bxf3 Bf8 20. b5 cxb5 21. cxb5
Rac8 22. Nc3 Nc5 23. Red1 Nd3 24. Na4 Nxb2 25. Rxd8 Rxd8 26. Nxb2 Rd4 27. Rd1
Rxd1+ 28. Bxd1 Nxe4 29. Bc2 Nc3 30. a4 Bc5 31. Nd1 Ne2+ 32. Kf1 Nd4 33. Bd3 Kg7
34. Nc3 h5 35. Ne4 Be7 36. Kg2 g5 37. Bb1 g4 38. Bd3 Bb4 39. Bc4 Kg6 40. Bd3
Kf7 41. Bc4+ Kg6 42. Bd3 Kf7 43. Bc4+ Kg6 1/2-1/2

[Event "Dortmund SuperGM 42nd"]
[Site "Dortmund"]
[Date "2014.07.15"]
[Round "3"]
[White "Ponomariov, Ruslan"]
[Black "Meier, Georg"]
[Result "1/2-1/2"]
[WhiteElo "2723"]
[BlackElo "2632"]
[PlyCount "76"]
[EventDate "2014.07.12"]
[EventType "tourn"]
[EventRounds "7"]
[EventCountry "GER"]
[EventCategory "19"]
[SourceTitle "CBM 162"]
[Source "ChessBase"]
[SourceDate "2014.09.17"]
[SourceVersion "1"]
[SourceVersionDate "2014.09.17"]
[SourceQuality "1"]

1. e4 e6 2. d4 d5 3. Nc3 Nf6 4. Bg5 dxe4 5. Nxe4 Nbd7 6. Nf3 Be7 7. Nxf6+ Bxf6
8. Qd2 Bxg5 9. Nxg5 Nf6 10. O-O-O O-O 11. Be2 b6 12. Bf3 Rb8 13. Kb1 h6 14. Ne4
Bb7 15. Rhe1 Bxe4 16. Bxe4 Nxe4 17. Rxe4 Qd5 18. Qf4 Rbd8 19. Rd3 Rd7 20. h4
Rfd8 21. b3 Qf5 22. Qxf5 exf5 23. Rf4 g6 24. c4 Kg7 25. Kc2 Kf6 26. g4 c5 27.
d5 Re7 28. Re3 Rxe3 29. fxe3 Ke5 30. Kd3 Rg8 31. Ke2 f6 32. Kf3 fxg4+ 33. Rxg4
f5 34. Rg1 a5 35. Rg2 Rg7 36. Rg1 Rg8 37. Rg2 Rg7 38. Rg1 Rg8 1/2-1/2

[Event "Dortmund SuperGM 42nd"]
[Site "Dortmund"]
[Date "2014.07.16"]
[Round "4"]
[White "Adams, Michael"]
[Black "Ponomariov, Ruslan"]
[Result "1/2-1/2"]
[WhiteElo "2743"]
[BlackElo "2723"]
[PlyCount "108"]
[EventDate "2014.07.12"]
[EventType "tourn"]
[EventRounds "7"]
[EventCountry "GER"]
[EventCategory "19"]
[SourceTitle "CBM 162"]
[Source "ChessBase"]
[SourceDate "2014.09.17"]
[SourceVersion "1"]
[SourceVersionDate "2014.09.17"]
[SourceQuality "1"]

1. e4 e5 2. Nf3 Nc6 3. Bb5 Nf6 4. d3 Bc5 5. O-O d6 6. Be3 Bb6 7. Bxc6+ bxc6 8.
h3 O-O 9. Re1 h6 10. Nbd2 Be6 11. Nf1 Rb8 12. b3 c5 13. Ng3 Nd7 14. c3 d5 15.
d4 cxd4 16. cxd4 Ba5 17. Bd2 Bxd2 18. Qxd2 dxe4 19. Rxe4 exd4 20. Rxd4 c5 21.
Rd3 Qc7 22. Nh5 Bf5 23. Qc3 f6 24. Re3 Bg6 25. Ng3 Nb6 26. Rae1 Nd5 27. Qc4 Bf7
28. Re4 Rb4 29. Qc1 Bg6 30. Rc4 Rc8 31. Nh4 Bd3 32. Ngf5 g6 33. Nxh6+ Kg7 34.
Ng4 g5 35. Qd2 Nf4 36. Rxb4 cxb4 37. Qxb4 Ne2+ 38. Rxe2 Bxe2 39. Nf5+ Kh8 40.
Ng3 a5 41. Qe4 Bxg4 42. Qxg4 Rd8 43. Qh5+ Qh7 44. Qf3 Qe7 45. Nf5 Qe1+ 46. Kh2
Kg8 47. Ne3 Qc3 48. g3 Rd2 49. Kg1 Rxa2 50. Qd5+ Kf8 51. Qd8+ Kf7 52. Qd7+ Kf8
53. Qd8+ Kf7 54. Qd7+ Kf8 1/2-1/2

[Event "Dortmund SuperGM 42nd"]
[Site "Dortmund"]
[Date "2014.07.18"]
[Round "5"]
[White "Ponomariov, Ruslan"]
[Black "Baramidze, David"]
[Result "1/2-1/2"]
[WhiteElo "2723"]
[BlackElo "2616"]
[PlyCount "130"]
[EventDate "2014.07.12"]
[EventType "tourn"]
[EventRounds "7"]
[EventCountry "GER"]
[EventCategory "19"]
[SourceTitle "CBM 162"]
[Source "ChessBase"]
[SourceDate "2014.09.17"]
[SourceVersion "1"]
[SourceVersionDate "2014.09.17"]
[SourceQuality "1"]

1. e4 e5 2. Nf3 Nc6 3. Bb5 a6 4. Ba4 Nf6 5. O-O Be7 6. Re1 b5 7. Bb3 d6 8. c3
O-O 9. h3 Nb8 10. d4 Nbd7 11. Nbd2 Bb7 12. Bc2 Re8 13. Nf1 Bf8 14. Ng3 g6 15.
a4 c5 16. d5 c4 17. Bg5 Rb8 18. Qd2 Bc8 19. axb5 axb5 20. Ra7 Nc5 21. Rea1 Bg7
22. Be3 Re7 23. Bxc5 dxc5 24. Rxe7 Qxe7 25. Qg5 b4 26. Qxe5 Qb7 27. Qf4 Nd7 28.
Ne2 h6 29. h4 Ra8 30. Qc1 b3 31. Bd1 Nb6 32. Rb1 f5 33. Nd2 fxe4 34. Nxe4 Qxd5
35. N2g3 Bb7 36. Bf3 Qe5 37. Qd2 Rf8 38. Ra1 Kh8 39. Ra5 Qe7 40. Rxc5 Ra8 41.
Qc1 Qxh4 42. Rb5 Qd8 43. Nf1 Bxe4 44. Bxe4 Qe8 45. Bxa8 Qxb5 46. Be4 Kh7 47.
Ne3 h5 48. Qb1 Qe8 49. Kf1 Bh6 50. Nd5 Nxd5 51. Bxd5 Qe5 52. Bxc4 Qf4 53. Bxb3
Qc1+ 54. Qxc1 Bxc1 55. c4 Bxb2 56. c5 h4 57. Ke2 Kg7 58. Kd3 g5 59. Ke4 Kf6 60.
f4 gxf4 61. Kxf4 Be5+ 62. Kg4 Bg3 63. c6 Ke7 64. c7 Kd7 65. c8=B+ Kc7 1/2-1/2

[Event "Grand Slam Final 7th"]
[Site "Bilbao"]
[Date "2014.09.19"]
[Round "5"]
[White "Ponomariov, Ruslan"]
[Black "Anand, Viswanathan"]
[Result "1/2-1/2"]
[WhiteElo "2717"]
[BlackElo "2785"]
[Annotator "CB"]
[PlyCount "73"]
[EventDate "2014.09.14"]
[EventType "tourn"]
[EventRounds "6"]
[EventCountry "ESP"]
[EventCategory "21"]
[SourceTitle "CBM 163"]
[Source "ChessBase"]
[SourceDate "2014.11.11"]
[SourceVersion "1"]
[SourceVersionDate "2014.11.11"]
[SourceQuality "1"]

1. d4 Nf6 2. c4 e6 3. Nf3 d5 4. Nc3 Bb4 5. Qa4+ {The point of this move is to
force Black's knight to c6, which is not always the most comfortable place for
it.} Nc6 6. e3 O-O 7. Bd2 dxc4 8. Bxc4 Bd6 9. O-O e5 10. d5 Ne7 11. Qc2 (11. e4
h6 12. h3 a6 13. Qc2 {led to a draw in Ushenina-Koneru earlier this month in
the Grand Prix.}) 11... h6 12. h3 a6 13. a3 Bf5 14. e4 Bd7 {Forcing e4 has its
pros and cons. f4 is weakened and White doesn't get access to e4 for a knight,
but it reinforces the center.} 15. Rfe1 Ng6 16. Nd1 c6 17. Ne3 Rc8 18. Bc3 cxd5
19. Bxd5 Nxd5 20. Nxd5 Be6 21. Rad1 f6 22. Qa4 Rf7 23. Bb4 Bxb4 24. Qxb4 Qf8 {
One can remember the Anand-Vallejo game, with a similar pawn structure;
however here Black is the one better placed.} 25. Qa4 Rd8 26. Ne3 Nf4 27. Rxd8
Qxd8 28. Rd1 Rd7 (28... Qc8 {kept some chances alive, but Anand was surely
happy with a solid position.}) 29. Rxd7 Qxd7 30. Qxd7 Bxd7 31. Ne1 Ne2+ 32. Kf1
Bb5 33. a4 {forcing a perpetual.} Ng3+ 34. Kg1 Ne2+ 35. Kf1 Ng3+ 36. Kg1 Ne2+
37. Kf1 1/2-1/2

[Event "Grand Slam Final 7th"]
[Site "Bilbao"]
[Date "2014.09.20"]
[Round "6"]
[White "Vallejo Pons, Francisco"]
[Black "Ponomariov, Ruslan"]
[Result "1-0"]
[WhiteElo "2712"]
[BlackElo "2717"]
[Annotator "CB"]
[PlyCount "83"]
[EventDate "2014.09.14"]
[EventType "tourn"]
[EventRounds "6"]
[EventCountry "ESP"]
[EventCategory "21"]
[SourceTitle "CBM 163"]
[Source "ChessBase"]
[SourceDate "2014.11.11"]
[SourceVersion "1"]
[SourceVersionDate "2014.11.11"]
[SourceQuality "1"]

1. d4 Nf6 2. c4 e6 3. Nc3 Bb4 4. Qc2 d5 5. cxd5 Qxd5 6. Nf3 Qf5 7. Qb3 Nc6 8.
Bd2 a5 9. a3 Bxc3 10. Bxc3 a4 {A typical Nimzo position. White has the pair of
bishops but on the other hand Black's development is acceptable and he has a
certain control over the light squares.} 11. Qd1 O-O 12. e3 b6 13. Bd3 Qd5 14.
Qe2 Ne4 15. O-O Nxc3 {After this move it is clear that the position will favor
White. His superior pawn structure and central control will make things easy
for him to play out. Maybe it was better to keep the tension by playing Bb7.}
16. bxc3 Bb7 17. c4 Qd6 18. c5 $5 {Maybe this was some kind of bluff?} Qe7 $2 {
Ponomariov absolutely had to take the intruder.} (18... bxc5 19. Qc2 (19. dxc5
Qxc5 20. Rfc1 Qe7 {is only enough for equality.}) 19... cxd4 20. Bxh7+ Kh8 21.
Be4 f5 $1 {this seems fine for Black.}) 19. Be4 $6 (19. Rab1 $16) 19... f5 $6
20. Bxc6 Bxc6 21. Ne5 Bd5 22. Rfc1 Rfb8 23. Nd3 Bb7 24. Nb4 Ra5 25. c6 Bc8 26.
e4 fxe4 27. Qxe4 {White's advantage is obvious now, Black's bishop is squashed
out of play.} Ba6 28. Rc3 Re8 29. Re1 Bc8 30. Rce3 Rg5 31. f4 Rh5 32. d5 Qd6
33. h3 Kf8 34. f5 e5 35. g4 Rh4 36. Nd3 h5 37. Nxe5 $18 {Black's position was
strategically hopeless, now it is completely hopeless.} Kg8 38. Qf4 hxg4 39.
hxg4 (39. Ng6 $1 $18) 39... Qxd5 40. Nf3 Rxe3 41. Rxe3 Rh3 42. Kg2 1-0

[Event "UKR-ch 83rd"]
[Site "Lvov"]
[Date "2014.11.11"]
[Round "1"]
[White "Ponomariov, Ruslan"]
[Black "Areshchenko, Alexander"]
[Result "1-0"]
[WhiteElo "2711"]
[BlackElo "2655"]
[PlyCount "45"]
[EventDate "2014.11.11"]
[EventType "tourn"]
[EventRounds "11"]
[EventCountry "UKR"]
[EventCategory "17"]
[SourceTitle "CBM 164"]
[Source "ChessBase"]
[SourceDate "2015.01.15"]
[SourceVersion "1"]
[SourceVersionDate "2015.01.15"]
[SourceQuality "1"]

1. e4 {Karjakin,S} c5 2. Nf3 d6 3. d4 cxd4 4. Nxd4 Nf6 5. Nc3 a6 6. h3 e5 7.
Nde2 h5 8. g3 Be7 ({RR} 8... b5 9. Bg5 Nbd7 10. Nd5 Bb7 11. Nec3 Rc8 12. Bg2 ({
RR} 12. h4 Qa5 13. b4 Nxd5 14. bxa5 Nxc3 15. Qc1 Bxe4 16. Rh2 d5) 12... Be7 13.
Nxe7 Qxe7 14. h4 Nb6 15. Qd3 Qc7 ({RR} 15... O-O 16. O-O-O b4 17. Nd5 Bxd5 18.
exd5 Rc5) 16. Bh3 ({RR} 16. Bxf6 gxf6 17. O-O) 16... Rb8 ({RR} 16... Nfd7 17.
O-O-O b4 18. Nd5 Bxd5 19. exd5) 17. Bxf6 gxf6 18. O-O-O b4 ({RR} 18... Ke7 19.
Kb1) 19. Nd5 Nxd5 ({RR} 19... Bxd5 20. exd5 Qc4 21. Kb1 ({RR} 21. Qxc4 Nxc4 22.
Rd3) 21... Qxd3 22. cxd3 Na4 ({RR} 22... Nxd5 23. d4) 23. Bf5) 20. exd5 Bc8 21.
f4 Bxh3 ({RR} 21... a5) 22. Rxh3 Kf8 ({RR} 22... Rc8 23. Rh2 Qc4 24. Qf5) 23.
fxe5 {Karjakin,S (2759)-Gelfand,B (2777) Wijk aan Zee 2014 CBM 159 [Karjakin,S]
1-0 (60)}) 9. Bg2 O-O $146 ({RR} 9... Be6 10. a4 Nbd7 11. O-O Rc8 12. a5 h4 13.
g4 Nh7 14. Nd5 Bxd5 15. Qxd5 Rc6 16. c3 O-O 17. f4 Qc7 18. Be3 exf4 19. Nxf4
Bg5 20. Kh1 Ne5 21. Qa2 Re8 22. Nd5 Qd7 23. Bd4 Kh8 24. Nb6 {Motylev,A (2682)
-Wojtaszek,R (2742) Germany 2014 1/2-1/2 (59)}) ({RR} 9... b5 10. Nd5 Nxd5 11.
Qxd5 Ra7 12. Be3 Be6 13. Qd2 Rb7 14. f4 Nd7 15. b3 Nf6 16. O-O-O Qa8 17. g4 Rc7
18. Ng3 O-O 19. f5 h4 20. g5 Nh7 21. fxe6 hxg3 22. exf7+ Kxf7 23. Kb1 Kg8 24.
h4 {Areshchenko,A (2701)-Duda,J (2587) Lublin 2014 1-0 (65)}) ({RR} 9... Be6
10. Be3 Nbd7 11. O-O b5 12. Qd2 Rc8 13. a4 b4 14. Nd5 Nxd5 15. exd5 Bf5 16.
Rfc1 a5 17. c3 b3 18. Re1 Nb6 19. Nc1 Nc4 20. Qe2 Bc2 21. Nd3 O-O 22. Bc1 h4
23. g4 Bg5 24. Be4 {Ochsner,B (2195)-Krzyzanowski,M (2356) Porto Carras 2010
0-1 (38)}) ({RR} 9... b5 10. a4 b4 11. Nd5 Nxd5 12. Qxd5 Ra7 13. Be3 Be6 14.
Qd3 Rb7 15. f4 Qc8 16. b3 a5 17. O-O-O Qc6 18. g4 Na6 19. f5 Bc8 20. Ng3 h4 21.
Nh5 Kf8 22. Qd5 Rc7 23. Qxc6 Rxc6 24. Rd5 {Gundavaa,B (2480)-Akkozov,B (2347)
Shenzhen 2011 0-1 (62)}) 10. Be3 Nbd7 11. a4 Qc7 12. g4 hxg4 13. hxg4 Nb6 14.
g5 Ng4 15. Qd3 Qd8 16. a5 Nxe3 17. Qxe3 Nc4 18. Qg3 Bxg5 19. b3 Nxa5 20. Rxa5
Qxa5 21. Qxg5 Be6 22. Qh5 f6 23. Bf3 1-0

[Event "UKR-ch 83rd"]
[Site "Lvov"]
[Date "2014.11.12"]
[Round "2"]
[White "Korobov, Anton"]
[Black "Ponomariov, Ruslan"]
[Result "1-0"]
[WhiteElo "2680"]
[BlackElo "2711"]
[PlyCount "87"]
[EventDate "2014.11.11"]
[EventType "tourn"]
[EventRounds "11"]
[EventCountry "UKR"]
[EventCategory "17"]
[SourceTitle "CBM 164"]
[Source "ChessBase"]
[SourceDate "2015.01.15"]
[SourceVersion "1"]
[SourceVersionDate "2015.01.15"]
[SourceQuality "1"]

1. d4 Nf6 2. c4 e6 3. Nf3 b6 4. g3 Ba6 5. Qb3 d5 6. cxd5 Qxd5 7. Qc2 Nc6 8. Nc3
Nb4 9. Qa4+ Qc6 10. Qb3 $146 ({RR} 10. Qxc6+ Nxc6 11. e3 Bxf1 12. Kxf1 O-O-O
13. Ke2 Bd6 14. Rd1 Rhe8 15. Ng5 Rd7 16. f4 Bb4 17. Bd2 Bxc3 18. Bxc3 h6 19.
Nf3 Ne4 20. Be1 f6 21. Kd3 Nc5+ 22. Ke2 Ne4 23. Kd3 Nc5+ 24. Ke2 Ne4 {Bacrot,E
(2719)-Almasi,Z (2695) Germany 2014 1/2-1/2}) 10... Nd3+ 11. exd3 Qxf3 12. Qa4+
b5 13. Qxa6 Qxh1 14. Qxb5+ Nd7 15. d5 Rb8 16. Qc4 Bd6 17. dxe6 Ne5 18. exf7+
Kf8 19. Qe4 Qxh2 20. d4 Nxf7 21. Qf3 Re8+ 22. Be3 Qh6 23. Bb5 Qf6 24. Qxf6
Rxe3+ 25. fxe3 gxf6 26. Ne4 Bb4+ 27. Ke2 f5 28. a3 Be7 29. Nc5 Bxc5 30. dxc5
Rg8 31. Rf1 Rxg3 32. Rxf5 Ke7 33. b4 Ng5 34. Rd5 h5 35. Rd7+ Kf6 36. Rxc7 h4
37. Bc6 h3 38. b5 Rg1 39. b6 axb6 40. cxb6 Rb1 41. b7 Rb2+ 42. Kd1 h2 43. Rc8
Nh3 44. Kc1 1-0

[Event "UKR-ch 83rd"]
[Site "Lvov"]
[Date "2014.11.13"]
[Round "3"]
[White "Ponomariov, Ruslan"]
[Black "Kryvoruchko, Yuriy"]
[Result "1-0"]
[WhiteElo "2711"]
[BlackElo "2706"]
[PlyCount "75"]
[EventDate "2014.11.11"]
[EventType "tourn"]
[EventRounds "11"]
[EventCountry "UKR"]
[EventCategory "17"]
[SourceTitle "CBM 164"]
[Source "ChessBase"]
[SourceDate "2015.01.15"]
[SourceVersion "1"]
[SourceVersionDate "2015.01.15"]
[SourceQuality "1"]

1. d4 Nf6 2. c4 e6 3. Nf3 b6 4. g3 Bb7 5. Bg2 Bb4+ 6. Bd2 Bxd2+ 7. Qxd2 O-O 8.
Nc3 Ne4 9. Qd3 Nxc3 10. Ng5 Ne4 11. Nxe4 d5 12. cxd5 exd5 13. Nc3 c6 14. O-O
Nd7 15. b4 Nf6 16. Rfc1 $146 ({RR} 16. Rfd1 Qd7 17. a4 Rac8 18. a5 c5 19. bxc5
bxc5 20. dxc5 Rxc5 21. a6 Bc6 22. Qe3 Rc4 23. Rd4 Re8 24. Qd3 Rxd4 25. Qxd4 Rb8
26. h3 h6 27. Ra5 Rb6 28. Kh2 Qe6 29. e3 Kh8 30. Nxd5 Bxd5 {Kulaots,K (2547)
-Quparadze,G (2362) Istanbul 2007 0-1 (39)}) 16... Qd7 17. e3 Rfc8 18. a4 a5
19. Rab1 Ba6 20. Qc2 Bc4 21. bxa5 bxa5 22. e4 dxe4 23. Nxe4 Bd5 24. Nxf6+ gxf6
25. Be4 Qg4 26. Re1 Re8 27. Bxd5 cxd5 28. Qc6 Rf8 29. Qxf6 Rae8 30. Re5 Rxe5
31. Qxe5 Qf3 32. Rc1 h6 33. Rc6 Kh7 34. Rf6 Qe4 35. Qh5 Qe1+ 36. Kg2 Qe4+ 37.
Kh3 Kg8 38. Qxh6 1-0